First 100 Words of The Catcher in the Rye - Statistics

General Stats
  • This quiz has been taken 48 times
  • The average score is 47 of 100
Answer Stats
Answer % Correct
I
97%
to
90%
the
83%
you
83%
want
80%
and
73%
If
73%
if
73%
my
70%
what
70%
is
67%
it,
67%
know
67%
me,
67%
all
63%
where
63%
don't
60%
really
60%
In
57%
in
57%
that
57%
that,
57%
hear
53%
about
50%
was
50%
but
47%
like,
47%
like
47%
of
47%
were
47%
parents
43%
they
43%
have
37%
how
37%
truth.
37%
first
33%
had
33%
thing
33%
born,
30%
you'll
30%
probably
27%
childhood
23%
crap,
23%
feel
23%
kind
23%
lousy
23%
place,
23%
stuff
23%
Copperfield
20%
David
20%
them.
20%
before
17%
going
17%
anything
13%
bores
13%
They're
13%
told
13%
into
10%
occupied
10%
personal
10%
second
10%
touchy
7%
two
7%
apiece
3%
especially
0%
hemorrhages
0%
pretty
0%
quite
0%
wwould
0%
No matching quizzes found
Score Distribution
Percent of People with Each Score
Percentile by Number Answered
Your Score History
You have not taken this quiz